Sammlung (Record no. 5254)

MARC details
000 -CABECERA
campo de control de longitud fija 00652nam a2200241 a 4500
001 - NÚMERO DE CONTROL
campo de control BRCA_5560
005 - FECHA Y HORA DE LA ÚLTIMA TRANSACCIÓN
campo de control 20190320205130.0
008 - DATOS DE LONGITUD FIJA--INFORMACIÓN GENERAL
campo de control de longitud fija 180211s1937----gw-a######---#000-0#ger-#
041 ## - CÓDIGO DE LENGUA
Código de lengua del texto/banda sonora o título independiente ger
044 ## - CÓDIGO DEL PAÍS DE LA ENTIDAD EDITORA/PRODUCTORA
Código MARC del país gw
050 #4 - SIGNATURA TOPOGRÁFICA DE LA BIBLIOTECA DEL CONGRESO
Número de clasificación NK2395
Número de documento/Ítem .H38 1937
100 1# - ENTRADA PRINCIPAL--NOMBRE DE PERSONA
Nombre de persona Hauth, Arthur
9 (RLIN) 14190
245 10 - MENCIÓN DE TÍTULO
Título Sammlung
Mención de responsabilidad, etc. Arthur Hauth.
260 ## - PUBLICACIÓN, DISTRIBUCIÓN, ETC.
Lugar de publicación, distribución, etc. Colonia, Alemania
Nombre del editor, distribuidor, etc. Math-Lempertz
Fecha de publicación, distribución, etc. 1937
300 ## - DESCRIPCIÓN FÍSICA
Extensión 45 p.
Otras características físicas il., 54 láminas
Dimensiones 25 cm.
500 ## - NOTA GENERAL
Nota general Estado físico: tapa un poco maltratada
500 ## - NOTA GENERAL
Nota general F35
650 14 - PUNTO DE ACCESO ADICIONAL DE MATERIA--TÉRMINO DE MATERIA
Término de materia o nombre geográfico como elemento de entrada Muebles
Subdivisión geográfica Alemania
9 (RLIN) 4105
650 14 - PUNTO DE ACCESO ADICIONAL DE MATERIA--TÉRMINO DE MATERIA
Término de materia o nombre geográfico como elemento de entrada Porcelana
9 (RLIN) 1509
650 14 - PUNTO DE ACCESO ADICIONAL DE MATERIA--TÉRMINO DE MATERIA
Término de materia o nombre geográfico como elemento de entrada Decoración y ornamentación
9 (RLIN) 3592
902 ## - CATALOGADOR
Iniciales GFM
942 ## - ELEMENTOS DE PUNTO DE ACCESO ADICIONAL (KOHA)
Fuente del sistema de clasificación o colocación Library of Congress Classification
Tipo de ítem Koha Libros
Holdings
Estado de retiro Estado de pérdida Estado dañado No para préstamo Localización permanente Ubicación/localización actual Fecha de adquisición Número de inventario Total de préstamos Signatura topográfica completa Código de barras Fecha visto por última vez Precio válido a partir de Tipo de ítem Koha
El ejemplar forma parte de la colección y puede ser consultado según las políticas vigentes.       Biblioteca del Museo Franz Mayer (Rogerio Casas-Alatriste) Biblioteca del Museo Franz Mayer (Rogerio Casas-Alatriste) 09/02/2011 F35   NK2395 .H38 1937 (F35) 5996 22/03/2019 22/03/2019 Libros